01193nam a2200241 a 450000100100000000500170001000800410002702000150006804000250008310000540010824501520016226000740031430000380038849000350042650400310046150400730049270000550056571000720062071000950069283000420078795201050082999900170093400004116620201002034655.0130920s1999 sp 000 0 spa d a8400078527 aDO-SdBNPbspacBNPHU1 aGonzález Ripoll Navarro, María Dolores96772210aCuba, la isla de los ensayos cultura y sociedad :b1790-1815 /cMa Dolores González-Ripoll Navarro ; prólogo Miguel Ángel Puig-Samper Mulero. aMadrid :bConsejo Superior de Investigaciones Científicas :,c1999. a259 p. : [16] p. :bil. ;c24 cm.1 aTierra nueva e cielo nuevov38 aBibliografía p. 238 -259 aIncluye referencias bibliográficas y notas al pie de las páginas1 aPuig-Samper Mulero, Miguel Ángelepról.9677232 aConsejo Superior de Investigaciones Científicas (España)9151782 aCentro de Humanidades. Instituto de Historia. Departamento de Historia de América967724 0aTierra nueva e cielo nuevon38967725 001050718MOaGRbGRcCTd2013-09-20iLF1l0o p41166-10r2020-06-25w2020-06-25y1ZNo se presta c40656d40656